书目信息 |
| 题名: |
作物遗传与育种学
|
|
| 作者: | ;山东省昌潍农业专科学校 , 广西壮族自治区农业学校 主编 | |
| 分册: | 第二分册 作物育种与良种繁育学通论 | |
| 出版信息: | 北京 农业出版社 1987 |
|
| 页数: | 255页 | |
| 开本: | 19cm | |
| 丛书名: | ||
| 单 册: | ||
| 中图分类: | S33-43 | |
| 科图分类: | ||
| 主题词: | 作物育种-遗传学--中等专业学校--教材 , 遗传学-作物育种--中等专业学校--教材 | |
| 电子资源: | ||
| ISBN: | 16144.3156 | |
| 000 | 01000nam0 2200277 450 | |
| 001 | 0187015313 | |
| 005 | 20100712222137.0 | |
| 010 | @a16144.3156@dCNY1.30 | |
| 091 | @a16144.3156 | |
| 100 | @a19960128d1987 em y0chiy0110 ea | |
| 101 | 0 | @achi |
| 102 | @aCN@b110000 | |
| 105 | @ay z 000yy | |
| 106 | @ar | |
| 200 | 1 | @a作物遗传与育种学@9Zuo Wu Yi;Wei Chuan;Zhuan Yu Yu;Yo Zhong;Chong Xue @i作物育种与良种繁育学通论@f山东省昌潍农业专科学校,广西壮族自治区农业学校主编@h第二分册 |
| 205 | @a2版 | |
| 210 | @a北京@c农业出版社@d1987 | |
| 215 | @a255页@d19cm | |
| 300 | @a全国中等农业学校教材(农学专业用) | |
| 606 | 0 | @a作物育种-遗传学@x中等专业学校@x教材 |
| 606 | 0 | @a遗传学-作物育种@x中等专业学校@x教材 |
| 690 | @aS33-43@v3 | |
| 711 | 02 | @a山东省昌潍农业专科学校@9shan dong sheng chang wei nong ye zhuan ke xue xiao@4主编 |
| 711 | 02 | @a广西壮族自治区农业学校@9guang xi zhuang zu zi zhi qu nong ye xue xiao@4主编 |
| 801 | 0 | @aCN@bAzMarc@c20130904 |
| 905 | @aBZT@dS33@e91:2@f5@sS33/91:2 | |
| 作物遗传与育种学.作物育种与良种繁育学通论/山东省昌潍农业专科学校,广西壮族自治区农业学校主编.第二分册.-2版.-北京:农业出版社,1987 |
| 255页;19cm |
| 全国中等农业学校教材(农学专业用) |
| ISBN 16144.3156:CNY1.30 |
| ● |
| 相关链接 |
|
|
|
正题名:作物遗传与育种学
索取号:S33/91:2
 
预约/预借
| 序号 | 登录号 | 条形码 | 馆藏地/架位号 | 状态 | 备注 |
| 1 | 2000082819 | 2000082819 | 旧书回溯/ [索取号:S33/91:2] | 在馆 | |
| 2 | 2000087459 | 2000087459 | 旧书回溯/ [索取号:S33/91:2] | 在馆 | |
| 3 | 2000087460 | 2000087460 | 旧书回溯/ [索取号:S33/91:2] | 在馆 | |
| 4 | 2000087461 | 2000087461 | 旧书回溯/ [索取号:S33/91:2] | 在馆 | |
| 5 | 2000087466 | 2000087466 | 旧书回溯/ [索取号:S33/91:2] | 在馆 |